| 000 | 00362nam a2200133Ia 4500 | ||
|---|---|---|---|
| 008 | 150202s9999 xx 000 0 und d | ||
| 020 | _a055328407X | ||
| 050 |
_aFIC _bFIC |
||
| 100 | _aFreemantle, Brian. | ||
| 245 | 4 |
_aThe run around / _cBrian Freemantle. |
|
| 260 |
_aNew York : _bBantam Books, _c1990. |
||
| 300 |
_a326 pages : _c18 cm. |
||
| 650 | _aFiction. | ||
| 999 |
_c282015 _d282015 |
||